| 000 | 00656 a2200193 4500 | ||
|---|---|---|---|
| 003 | Nust | ||
| 005 | 20170207171536.0 | ||
| 020 | _a0071240837 | ||
| 040 | _cNust | ||
| 082 | _a005.1 | ||
| 100 | _aPressman, Roger S. | ||
| 245 |
_aSoftware engineering : (E-BOOK) _ba practitioner's approach _cRoger S. Pressman |
||
| 250 | _a6th ed | ||
| 260 |
_aBoston, Mass _bMcGraw-Hill _cc2005. |
||
| 300 | _axxxii, 880 p | ||
| 500 | _aPART-1: The Software Process (Page-51), PART-2: Software Engineering Practice (Page-127), PART-3: Applying Web Engineering (Page-499), PART-4: Managing Software Projects (Page-627) | ||
| 650 | _aSoftware engineering. | ||
| 651 | _aE-BOOK | ||
| 942 |
_2ddc _cBK |
||
| 999 |
_c217264 _d217264 |
||